| 000 -LEADER |
| fixed length control field |
01526cam a2200253 a 4500 |
| 003 - CONTROL NUMBER IDENTIFIER |
| control field |
OSt |
| 005 - DATE AND TIME OF LATEST TRANSACTION |
| control field |
20200317110932.0 |
| 008 - FIXED-LENGTH DATA ELEMENTS--GENERAL INFORMATION |
| fixed length control field |
090911s2010 mauab b 001 0 eng |
| 020 ## - INTERNATIONAL STANDARD BOOK NUMBER |
| International Standard Book Number |
9780262013987 (hardcover : alk. paper) |
| 020 ## - INTERNATIONAL STANDARD BOOK NUMBER |
| International Standard Book Number |
0262013983 (hardcover : alk. paper) |
| 040 ## - CATALOGING SOURCE |
| Original cataloging agency |
DLC |
| Transcribing agency |
DLC |
| Modifying agency |
UKM |
| -- |
ERASA |
| -- |
C#P |
| -- |
YDXCP |
| -- |
BWX |
| -- |
CDX |
| -- |
VVC |
| -- |
NLGGC |
| -- |
DLC |
| 082 00 - DEWEY DECIMAL CLASSIFICATION NUMBER |
| Classification number |
307.76 0 |
| Edition number |
22 |
| Item number |
LEV |
| 084 ## - OTHER CLASSIFICATION NUMBER |
| Classification number |
20.09 |
| Source of number |
bcl |
| 245 00 - TITLE STATEMENT |
| Title |
Urban modernity : |
| Remainder of title |
cultural innovation in the Second Industrial Revolution / |
| Statement of responsibility, etc |
Miriam R. Levin ... [et al.]. |
| 260 ## - PUBLICATION, DISTRIBUTION, ETC. (IMPRINT) |
| Place of publication, distribution, etc |
Cambridge, Mass. : |
| Name of publisher, distributor, etc |
MIT Press, |
| Date of publication, distribution, etc |
c2010. |
| 300 ## - PHYSICAL DESCRIPTION |
| Extent |
x, 272 p. : |
| Other physical details |
ill., maps ; |
| Dimensions |
24 cm. |
| 504 ## - BIBLIOGRAPHY, ETC. NOTE |
| Bibliography, etc |
Includes bibliographical references and index. |
| 505 0# - FORMATTED CONTENTS NOTE |
| Formatted contents note |
Dynamic triad: city, exposition, and museum in industrial society / Miriam R. Levin -- Bringing the future to Earth in Paris / Miriam R. Levin -- From modern Babylon to White City: science, technology and urban change in London, 1870-1914 / Sophie Forgan -- Counterrevolution of progress: a civic culture of modernity in Chicago. 1880-1910 / Robert H. Kargon -- "Damned always to alter, but never to be": Berlin's culture of change around 1900 / Martina Hessler -- Promoting scientific and technological change in Tokyo, 1870-1930: museums, industrial exhibitions, and the city / Morris Low -- CODA / Miriam R. Levin |
| 650 #0 - SUBJECT ADDED ENTRY--TOPICAL TERM |
| Topical term or geographic name as entry element |
Urbanization |
| General subdivision |
History. |
| 650 #0 - SUBJECT ADDED ENTRY--TOPICAL TERM |
| Topical term or geographic name as entry element |
Technological innovations |
| General subdivision |
Economic aspects |
| -- |
History. |
| 650 #0 - SUBJECT ADDED ENTRY--TOPICAL TERM |
| Topical term or geographic name as entry element |
Industrialization |
| General subdivision |
History. |
| 700 1# - ADDED ENTRY--PERSONAL NAME |
| Personal name |
Levin, Miriam R. |
| 942 ## - ADDED ENTRY ELEMENTS (KOHA) |
| Source of classification or shelving scheme |
|